=LDR 00000nam 2200000 4500 =001 INLIS000000000020617 =005 20130612115549 =008 ***********************************Ind** =035 ##$$0010-061300000020617 =041 ##$$a Ind =082 ##$$a 028.5 =090 ##$$a 028.5, Mus a =100 ##$$a Musthafa, Fahim =245 ##$$a Agar anak anda gemar membaca, Fahim Musthafa ; penerjemah, Muhammad Suhadi =260 ##$$a 2005 $b Bandung =300 ##$$a vii, 225 hlm, 24 cm =650 ##$$a Membaca =850 ##$$a NBPNMAT =990 ##$$a 0001/BPAP-NTB/20142015 =990 ##$$a 0001/BPAP-NTB/20142015